00493nam a2200181 a 4500001001300000003000900013005001700022008004100039020002300080082001500103100001900118245004400137260004500181300001000226500003500236505002200271650001800293nice12345678IN_TiNIC20260116013943.0050524s1986 chia grp 000 0 eng  a0226632 c10000a297.1bRIP aRippin, Andred aTextual Sources for the Study of Islam. aChicagobChicago University Press c1986 a209p. aincludes index and biblioraphy2 aIndex, References aIslam-Sources